[Event "It \"]
[Site "masterchessopen.com - Otranto (Italy)"]
[Date "2011.05.21"]
[Round "1"]
[White "Quaranta Cristiano (ITA)"]
[Black "Piscopo Pierluigi (ITA)"]
[Result "0-1"]
[WhiteElo "2128"]
[BlackElo "2373"]

1.d4 Nf6 2.c4 c5 3.d5 e6 4.Nc3 exd5 5.cxd5 d6 6.Nf3 g6 7.g3 Bg7 8.Bg2 O-O
9.O-O Re8 10.Nd2 a6 11.a4 Nbd7 12.h3 Rb8 13.Nc4 Nb6 14.Na3 Bd7 15.e4 Nc8
16.Qd3 Qe7 17.Rb1 b5 18.axb5 axb5 19.b4 c4 20.Qc2 h5 21.Bg5 Qf8 22.Rbd1 Nh7
23.Be3 h4 24.g4 f5 25.gxf5 gxf5 26.exf5 Ne7 27.f6 Qxf6 28.Bd4 Qg6 29.Qxg6 Nxg6
30.Bxg7 Kxg7 31.Rd4 Nf6 32.Kh2 Re5 33.Nc2 Rf5 34.Ne3 Rf4 35.Rdd1 Nh5 36.Ra1
Ne5 37.Ra6 Rbf8 38.Ne4 Be8 39.Ng5 Rxf2 40.Ne6+ Kg8 41.Nxf8 Nf3+ {#R} 0-1

[Event "It \"]
[Site "masterchessopen.com - Wheeling (USA)"]
[Date "2011.05.28"]
[Round "5"]
[White "Sundararajan Kidambi (IND)"]
[Black "Gelashvili Tamaz (GEO)"]
[Result "0-1"]
[WhiteElo "2474"]
[BlackElo "2619"]

1.d4 Nf6 2.c4 e6 3.g3 c5 4.d5 exd5 5.cxd5 d6 6.Bg2 g6 7.Nc3 Bg7 8.Nf3 O-O
9.O-O Re8 10.Nd2 a6 11.a4 Nbd7 12.h3 Rb8 13.Nc4 Ne5 14.Na3 Nh5 15.e4 Bd7 16.a5
Qxa5 17.g4 Nf6 18.f4 Nexg4 19.hxg4 Nxg4 20.f5 Ne5 21.Bg5 Qc7 22.Nc2 b5 23.Ne3
b4 24.Ne2 Bb5 25.f6 Bh8 26.Rf4 Qd8 27.Qd2 h6 28.Bh4 g5 29.Raf1 gxf4 30.Rxf4
Ng6 31.Nf5 Bxe2 32.Nxh6+ Kf8 33.Rf2 Re5 34.Nf5 Bg4 35.Qh6+ Ke8 36.Ne7 Rh5 {#R}
0-1

[Event "Ch Turkey (team)"]
[Site "masterchessopen.com - Konya (Turkey)"]
[Date "2011.06.30"]
[Round "3"]
[White "Arduman Can (TUR)"]
[Black "Durarbeyli Vasif (AZE)"]
[Result "0-1"]
[WhiteElo "2336"]
[BlackElo "2526"]

1.d4 Nf6 2.c4 e6 3.g3 c5 4.d5 exd5 5.cxd5 d6 6.Nc3 a6 7.a4 g6 8.Bg2 Bg7 9.Nf3
O-O 10.O-O Re8 11.Nd2 Nbd7 12.h3 Rb8 13.Nc4 Ne5 14.Na3 Nh5 15.e4 f5 16.exf5
Bxf5 17.g4 Bxg4 18.hxg4 Qh4 19.gxh5 Rf8 20.Ne4 Ng4 21.Qxg4 Qxg4 22.Nc4 Qxh5
23.Ra3 Bd4 24.Be3 Qe2 25.Bxd4 cxd4 26.Ncxd6 Rf4 27.f3 Rd8 28.Rb3 b5 29.axb5
axb5 30.Kh2 Rxd6 31.Nxd6 Qe5 32.Kg1 Qxd5 33.Rxb5 Qxd6 34.Rd1 d3 35.Rb3 Rd4
36.Kf2 h5 {#R} 0-1

[Event "Ch Turkey (team)"]
[Site "masterchessopen.com - Konya (Turkey)"]
[Date "2011.07.02"]
[Round "5"]
[White "Dogan Ali Ekber (TUR)"]
[Black "Kanmazalp Ogulcan (TUR)"]
[Result "0-1"]
[WhiteElo "2156"]
[BlackElo "2424"]

1.d4 Nf6 2.c4 g6 3.g3 Bg7 4.Bg2 c5 5.d5 O-O 6.Nc3 e6 7.Nf3 exd5 8.cxd5 d6
9.O-O a6 10.a4 Re8 11.Nd2 Nbd7 12.h3 Rb8 13.Nc4 Ne5 14.Na3 Nh5 15.e4 Bd7 16.a5
Qxa5 17.g4 Nf6 18.f4 Nexg4 19.hxg4 Nxg4 20.Bf3 h5 21.Nc2 Qd8 22.Bxg4 Bxg4
23.Qd3 f5 24.Re1 Qh4 25.Kg2 fxe4 26.Nxe4 Bf5 27.Qf3 Qxe1 {#R} 0-1

[Event "Tournament (Elo)"]
[Site "masterchessopen.com - Mukachevo (Ukraine)"]
[Date "2011.07.06"]
[Round "2"]
[White "Sychevskyy Andriy (UKR)"]
[Black "Tiba Vladyslav (UKR)"]
[Result "0-1"]
[WhiteElo "1966"]
[BlackElo "2118"]

1.d4 Nf6 2.c4 c5 3.d5 e6 4.Nc3 exd5 5.cxd5 d6 6.g3 g6 7.Bg2 Bg7 8.Nf3 a6 9.a4
O-O 10.O-O Re8 11.Nd2 Nbd7 12.h3 Rb8 13.Nc4 Nb6 14.Ne3 Bd7 15.Qb3 Nc8 16.a5 b5
17.axb6 Nxb6 18.Rxa6 Nbxd5 19.Qa3 Nxc3 20.bxc3 Bb5 21.Ra7 Ne4 22.Qa2 c4
23.Bxe4 Rxe4 24.Qa3 d5 25.Rd1 d4 26.cxd4 Rxd4 27.Rxd4 Bxd4 28.Bb2 Bxb2 29.Qxb2
Bc6 30.Qa1 Be4 31.Qa4 Qd2 32.Rd7 Qxe2 33.Rd1 Qf3 {#R} 0-1

[Event "Ch Central Serbia (open)"]
[Site "masterchessopen.com - Paracin (Serbia)"]
[Date "2011.07.08"]
[Round "1"]
[White "Popovic Djordje (SRB)"]
[Black "Bogosavljevic Boban (SRB)"]
[Result "0-1"]
[WhiteElo "2261"]
[BlackElo "2541"]

1.d4 Nf6 2.c4 e6 3.g3 c5 4.d5 exd5 5.cxd5 d6 6.Nc3 g6 7.Bg2 Bg7 8.Nf3 O-O
9.O-O a6 10.a4 Re8 11.Nd2 Nbd7 12.Nc4 Ne5 13.Nxe5 Rxe5 14.Bf4 Re8 15.Qd2 Ng4
16.Ne4 Ne5 17.Bg5 f6 18.Bf4 Bf5 19.Nc3 Bd7 20.Bxe5 Rxe5 21.f4 Re8 22.e4 f5
23.e5 dxe5 24.d6 e4 25.Qd5+ Be6 26.Qxc5 b6 27.Qf2 Qxd6 28.Rfd1 Qc5 29.Nd5 Rac8
30.Qxc5 bxc5 31.Bf1 Rc6 32.Bc4 Kf8 33.Kf1 Rb8 34.Ne3 Rxb2 35.Bxe6 Rxe6 36.Ke1
{#R} 0-1

[Event "It (open)"]
[Site "masterchessopen.com - Barbera (Spain)"]
[Date "2011.07.12"]
[Round "9"]
[White "Gonzalez Perez Arian (CUB)"]
[Black "Aroshidze Levan (GEO)"]
[Result "0-1"]
[WhiteElo "2486"]
[BlackElo "2578"]

1.d4 Nf6 2.c4 e6 3.Nf3 c5 4.d5 exd5 5.cxd5 d6 6.Nc3 g6 7.g3 Bg7 8.Bg2 O-O
9.O-O Re8 10.Nd2 a6 11.a4 Nbd7 12.Nc4 Ne5 13.Na3 Nh5 14.h3 f5 15.Kh2 f4
16.Bxf4 Nxf4 17.gxf4 Qh4 18.e3 Bg4 19.f3 Nxf3+ 20.Rxf3 Rxe3 21.Rxe3 Bxd1
22.Nxd1 Qxf4+ 23.Kh1 b5 24.Rf3 Qxa4 25.Nc3 Bxc3 26.bxc3 b4 27.cxb4 cxb4 28.Rf4
Rc8 29.Rb1 a5 30.Nc4 Qc2 31.Rbf1 Rxc4 32.Rf8+ Kg7 33.R1f7+ Kh6 34.Rh8 b3
35.Rfxh7+ Kg5 36.h4+ Kg4 37.Rf8 b2 38.Kh2 Qxg2+ {#R} 0-1

[Event "It (open)"]
[Site "masterchessopen.com - Rethymno (Greece)"]
[Date "2011.07.16"]
[Round "7"]
[White "Tuhrim Richard (USA)"]
[Black "Can Emre (TUR)"]
[Result "0-1"]
[WhiteElo "2234"]
[BlackElo "2466"]

1.d4 Nf6 2.c4 e6 3.g3 c5 4.d5 exd5 5.cxd5 d6 6.Nc3 g6 7.Bg2 Bg7 8.Nf3 O-O
9.O-O Re8 10.Nd2 a6 11.a4 Nbd7 12.Nc4 Ne5 13.Na3 Nh5 14.h3 f5 15.f4 Nf7 16.Kh2
b5 17.axb5 axb5 18.Ncxb5 Ba6 19.Rb1 Qd7 20.Nc3 Bxc3 21.bxc3 Bxe2 22.Qd2 Bxf1
23.Bxf1 Qe7 24.Bb5 Qe1 25.Qg2 Re7 26.Bb2 Qe4 27.Bc6 Rb8 28.Nb5 {#R} 0-1

[Event "It (open)"]
[Site "masterchessopen.com - Gdansk (Poland)"]
[Date "2011.07.19"]
[Round "4"]
[White "Budrewicz Krzysztof (POL)"]
[Black "Cyborowski Lukasz (POL)"]
[Result "0-1"]
[WhiteElo "2229"]
[BlackElo "2543"]

1.d4 g6 2.c4 Bg7 3.Nf3 Nf6 4.g3 c5 5.d5 O-O 6.Bg2 d6 7.O-O a6 8.a4 e6 9.Nc3
exd5 10.cxd5 Re8 11.Nd2 Nbd7 12.h3 Qc7 13.Nc4 Nb6 14.Ne3 Bd7 15.Bd2 Rab8
16.Rc1 Nc8 17.b4 cxb4 18.Nb5 Qd8 19.Nc7 Re7 20.a5 Bxh3 21.Bxh3 Rxc7 22.Bxb4
Rxc1 23.Qxc1 Na7 24.Nc4 Nb5 25.Rd1 Qe7 26.e3 Ne4 27.Rd3 Ng5 28.Bg2 Rc8 29.Rd2
Nc3 30.Qf1 Nge4 31.Bxe4 Nxe4 32.Rc2 h5 33.Qh3 f5 34.f3 Nc3 35.Bxd6 Qe8 36.Nb6
Qxe3+ 37.Kh2 Re8 38.Bf4 Qd3 39.Qg2 Re2 40.Rxe2 Nxe2 41.Bc7 Nd4 42.f4 h4 43.d6
Bf6 44.Nd5 Nf3+ {#R} 0-1

[Event "Ch Spain (juniors) (under 16)"]
[Site "masterchessopen.com - Padrun (Spain)"]
[Date "2011.07.22"]
[Round "6"]
[White "Santos Latasa Jaime (ESP)"]
[Black "Ladron De Guevara Pinto Paolo (ESP)"]
[Result "1-0"]
[WhiteElo "2309"]
[BlackElo "2292"]

1.d4 Nf6 2.c4 c5 3.d5 e6 4.Nc3 exd5 5.cxd5 d6 6.Nf3 g6 7.g3 Bg7 8.Bg2 O-O
9.O-O a6 10.a4 Re8 11.Nd2 Nbd7 12.h3 Rb8 13.Nc4 Ne5 14.Na3 Nh5 15.e4 Rf8
16.Kh2 f5 17.f4 b5 18.axb5 axb5 19.Naxb5 fxe4 20.Bxe4 Nc4 21.Bd3 Na5 22.Be2
Nf6 23.Nxd6 Nb3 24.Nxc8 Qxc8 25.Ra8 Rxa8 26.Qxb3 Rb8 27.Qc2 Rb4 28.b3 Ne8
29.Na4 Bd4 30.Ba3 Nd6 31.Bxb4 cxb4 32.Qd3 Ba7 33.Bg4 Qc7 34.Be6+ Kg7 35.Qd2
Ne4 36.Rc1 Qa5 37.Qb2+ Nc3 38.Nxc3 Bd4 39.Qa2 Qc5 40.Ne2 Bc3 41.Nxc3 bxc3
42.Qc2 {#r} 1-0

[Event "It (open)"]
[Site "masterchessopen.com - Balaguer (Spain)"]
[Date "2011.07.23"]
[Round "7"]
[White "Trepat Herranz Joan (ESP)"]
[Black "Perez Cabas Jose (ESP)"]
[Result "1-0"]
[WhiteElo "2348"]
[BlackElo "1964"]

1.d4 Nf6 2.c4 c5 3.d5 e6 4.Nc3 exd5 5.cxd5 d6 6.g3 g6 7.Bg2 Bg7 8.Nf3 O-O
9.O-O Re8 10.Nd2 a6 11.a4 Nbd7 12.h3 Rb8 13.Nc4 Ne5 14.Na3 Nh5 15.e4 Bd7 16.a5
Qxa5 17.g4 Nf6 18.f4 Nexg4 19.hxg4 Nxg4 20.f5 Bd4+ 21.Kh1 Nf2+ 22.Rxf2 Bxf2
23.Bg5 Qc7 24.Nc2 Bg3 25.Ne3 h5 26.Qf3 Be5 27.Rg1 b5 28.Bh3 Bg7 29.Ne2 f6
30.Bh4 g5 31.Bxg5 fxg5 32.Rxg5 Rf8 33.Nf4 Qa5 34.Qg3 Rf7 35.Nxh5 Qa1+ 36.Bf1
Kf8 37.Rxg7 Qxb2 38.Rg8+ Ke7 39.Qg5+ Rf6 40.Nxf6 Rxg8 41.Nxg8+ Kf7 42.Qe7+
Kxg8 43.f6 {#r} 1-0

[Event "It (open) \"]
[Site "masterchessopen.com - Helsingor (Denmark)"]
[Round "3"]
[White "Rosenkilde Alexander (DEN)"]
[Black "Brynell Stellan (SWE)"]
[Result "0-1"]
[WhiteElo "2276"]
[BlackElo "2491"]

1.d4 e6 2.c4 Nf6 3.g3 c5 4.d5 exd5 5.cxd5 d6 6.Nc3 g6 7.Nf3 Bg7 8.Bg2 O-O
9.O-O Re8 10.Nd2 a6 11.a4 Nbd7 12.h3 Rb8 13.Nc4 Ne5 14.Na3 h5 15.Bg5 Qc7
16.Qd2 Nh7 17.Be3 f5 18.Bh6 Bh8 19.Rfe1 Nf7 20.e4 g5 21.f4 g4 22.Bg5 Nhxg5
23.fxg5 gxh3 24.Bxh3 fxe4 25.Bg2 e3 26.Qd3 Ne5 27.Qxe3 Bf5 28.Qd2 Qf7 29.Rf1
Qg6 30.Rf4 Nd3 31.Rxf5 Qxf5 32.Rf1 Bd4+ 33.Kh2 Nf2 34.Nc4 Ng4+ 35.Kh1 Qg6
36.a5 Rf8 37.Rf4 Rxf4 38.Qxf4 Bxc3 39.bxc3 Rf8 40.Qc1 Qd3 {#R} 0-1

[Event "It (open) \"]
[Site "masterchessopen.com - Helsingor (Denmark)"]
[Date "2011.08.02"]
[Round "5"]
[White "Sturt Raven M (USA)"]
[Black "Berg Emanuel (SWE)"]
[Result "0-1"]
[WhiteElo "2246"]
[BlackElo "2575"]

1.d4 Nf6 2.c4 g6 3.Nc3 Bg7 4.Nf3 O-O 5.g3 c5 6.d5 d6 7.Bg2 e6 8.O-O exd5
9.cxd5 Re8 10.Nd2 a6 11.a4 Nbd7 12.h3 Rb8 13.Nc4 Ne5 14.Na3 Nh5 15.e4 Bd7
16.a5 b5 17.axb6 Bb5 18.Naxb5 axb5 19.Nxb5 Qxb6 20.Nc3 Nc4 21.Qe2 Qb3 22.Ra6
Bd4 23.Kh1 Nf6 24.Qd3 h5 25.Qd1 Qxd1 26.Nxd1 Nxe4 27.Bxe4 Rxe4 28.Ra4 Nb6
29.Nc3 Re5 30.Ra7 Nxd5 31.Rd7 Bxc3 32.bxc3 Re6 33.c4 Nb6 {#R} 0-1

[Event "It (open)"]
[Site "masterchessopen.com - Creon (France)"]
[Date "2011.08.04"]
[Round "5"]
[White "Chauvet Vincent (FRA)"]
[Black "Daurelle Herve (FRA)"]
[Result "0-1"]
[WhiteElo "2071"]
[BlackElo "2209"]

1.d4 Nf6 2.c4 e6 3.Nf3 c5 4.d5 exd5 5.cxd5 d6 6.Nc3 g6 7.g3 Bg7 8.Bg2 O-O
9.O-O a6 10.a4 Re8 11.Nd2 Nbd7 12.h3 Rb8 13.Nc4 Ne5 14.Na3 Nh5 15.e4 Bd7
16.Ne2 b5 17.f4 b4 18.Nc2 Nc4 19.g4 Nf6 20.Ng3 b3 21.Ne1 Rb4 22.g5 Nh5 23.Nxh5
gxh5 24.Nd3 Rxa4 25.Rxa4 Bxa4 26.Qxh5 Bb5 27.e5 Nd2 28.Rd1 Bxd3 29.Rxd2 Bf5
30.e6 Re7 31.Re2 fxe6 32.dxe6 d5 33.Be3 d4 34.Bd2 d3 35.Re1 c4 36.Kh2 Qd6
37.Be4 Bxe4 38.Rxe4 Rxe6 39.Bb4 Qd5 40.Qe8+ Rxe8 41.Rxe8+ Kf7 {#R} 0-1

[Event "It (open) \"]
[Site "masterchessopen.com - Helsingor (Denmark)"]
[Date "2011.08.04"]
[Round "7"]
[White "Diaz Linda"]
[Black "Aranovitch Emiliano (ITA)"]
[Result "0-1"]
[WhiteElo "2184"]
[BlackElo "2345"]

1.d4 Nf6 2.c4 g6 3.Nf3 Bg7 4.g3 O-O 5.Bg2 c5 6.d5 e6 7.Nc3 exd5 8.cxd5 d6
9.O-O a6 10.a4 Re8 11.Nd2 Nbd7 12.h3 Rb8 13.Nc4 Ne5 14.Na3 Nh5 15.e4 Bd7 16.a5
b5 17.axb6 Bb5 18.Naxb5 axb5 19.Nxb5 Qxb6 20.Nc3 Qb3 21.Qxb3 Rxb3 22.Ra6 Nc4
23.Nd1 Bd4 24.Kh2 Kg7 25.Re1 Nf6 26.Bf1 Nb6 27.Bf4 Nxe4 28.Bg2 Nf6 29.Rxe8
Nxe8 30.Bd2 Rd3 31.Bc3 Nc4 32.Bf1 Rxd1 33.Bxc4 Bxc3 34.bxc3 Rc1 35.Ra3 Nf6
36.Ba2 Ra1 37.c4 Ne4 38.Kg2 Kf6 39.Re3 Nd2 40.Bb3 Ra3 41.Bc2 Rxe3 42.fxe3 Nxc4
43.Kf3 Ke5 44.g4 f6 45.h4 Na3 46.Ba4 {#R} 0-1

[Event "It (open) \"]
[Site "masterchessopen.com - Helsingor (Denmark)"]
[Date "2011.08.06"]
[Round "9"]
[White "Rosenkilde Alexander (DEN)"]
[Black "Petrov Marijan (BUL)"]
[Result "0-1"]
[WhiteElo "2276"]
[BlackElo "2537"]

1.d4 g6 2.c4 Bg7 3.Nc3 c5 4.d5 d6 5.g3 Nf6 6.Bg2 O-O 7.Nf3 e6 8.O-O exd5
9.cxd5 Re8 10.Nd2 a6 11.a4 Nbd7 12.h3 Rb8 13.Nc4 Ne5 14.Na3 Nh5 15.e4 Bd7
16.a5 b5 17.axb6 Bb5 18.Ncxb5 axb5 19.Nxb5 Qxb6 20.Na3 c4 21.Be3 Qxb2 22.g4
Rb3 23.Bd4 Qxd4 24.Qxd4 Nf3+ 25.Bxf3 Bxd4 26.Rad1 Nf4 27.Nc2 Bc5 28.Ne3 Nxh3+
29.Kg2 Ng5 {#R} 0-1

[Event "It (open)"]
[Site "masterchessopen.com - Split (Croatia)"]
[Date "2011.08.06"]
[Round "2"]
[White "Dragomirescu Angela (ROM)"]
[Black "Cvitan Ognjen (CRO)"]
[Result "0-1"]
[WhiteElo "2216"]
[BlackElo "2507"]

1.d4 Nf6 2.c4 e6 3.g3 c5 4.d5 exd5 5.cxd5 d6 6.Nc3 g6 7.Bg2 Bg7 8.Nf3 O-O
9.O-O Re8 10.Nd2 a6 11.a4 Nbd7 12.Nc4 Ne5 13.Na3 Nh5 14.h3 f5 15.Kh2 Bd7 16.f4
Nf7 17.Rb1 Rc8 18.Bd2 c4 19.Be1 Qe7 20.Bf3 Nf6 21.a5 g5 22.fxg5 Nxg5 23.Bg2
Qf7 24.Rf4 Nh5 25.Rxc4 f4 26.g4 f3 27.exf3 Rxc4 28.Nxc4 Qf4+ 29.Kh1 Qxc4
30.gxh5 Bxh3 31.Bg3 Bxg2+ 32.Kxg2 Bxc3 33.bxc3 Re2+ 34.Kh1 Nxf3 35.Rb4 Qa2
36.Rg4+ Kh8 {#R} 0-1

[Event "It (open)"]
[Site "masterchessopen.com - Tabor (Czech Republic)"]
[Date "2011.08.06"]
[Round "8"]
[White "Civin Tomas (CZE)"]
[Black "Borkovec Milan (CZE)"]
[Result "1-0"]
[WhiteElo "2419"]
[BlackElo "2188"]

1.d4 Nf6 2.c4 c5 3.d5 e6 4.Nc3 exd5 5.cxd5 d6 6.Nf3 g6 7.g3 Bg7 8.Bg2 O-O
9.O-O a6 10.a4 Nbd7 11.Nd2 Re8 12.h3 Rb8 13.Nc4 Nb6 14.Na3 Bd7 15.e4 Nc8
16.Qd3 Qc7 17.Be3 Na7 18.Rfb1 b5 19.b4 c4 20.Qc2 bxa4 21.Nxa4 Bxa4 22.Qxa4 Nb5
23.Qxa6 Nxa3 24.Rxa3 Nxe4 25.Qc6 Rbc8 26.Qxc7 {#r} 1-0

[Event "It (open)"]
[Site "masterchessopen.com - Split (Croatia)"]
[Date "2011.08.12"]
[Round "8"]
[White "Malada Vinko (CRO)"]
[Black "Pavic Filip (CRO)"]
[Result "1-0"]
[WhiteElo "2308"]
[BlackElo "1735"]

1.d4 Nf6 2.c4 e6 3.g3 c5 4.d5 exd5 5.cxd5 d6 6.Nc3 g6 7.Bg2 Bg7 8.Nf3 O-O
9.O-O Re8 10.Nd2 a6 11.a4 Nbd7 12.h3 Nh5 13.Nde4 Qe7 14.g4 Nhf6 15.Nd2 h5
16.g5 Nh7 17.Nde4 f5 18.gxf6 Ndxf6 19.Bf4 Nxe4 20.Nxe4 Be5 21.Qd2 Bf5 22.Ng3
Bxf4 23.Qxf4 Qe5 24.Qh6 Qf6 25.Nxf5 Qxf5 26.e4 Qg5 27.Qxg5 Nxg5 28.Rae1 b5
29.a5 c4 30.h4 Nf7 31.f4 Rac8 32.Bh3 Rc5 33.Be6 Kg7 34.Rf2 Nd8 35.f5 Nxe6
36.fxe6 Rf8 37.Ref1 Rxf2 38.Rxf2 b4 39.e7 Rc8 40.e5 c3 41.bxc3 bxc3 42.exd6
{#r} 1-0

[Event "It (open)"]
[Site "masterchessopen.com - Porto San Giorgio (Italy)"]
[Date "2011.08.21"]
[Round "1"]
[White "Cristiani Cesare (ITA)"]
[Black "Teutsch Alexander"]
[Result "0-1"]
[WhiteElo "2158"]
[BlackElo "1896"]

1.d4 c5 2.d5 Nf6 3.c4 e6 4.Nc3 exd5 5.cxd5 d6 6.Nf3 g6 7.g3 Bg7 8.Bg2 O-O
9.O-O a6 10.a4 Re8 11.Nd2 Nbd7 12.Nc4 Nb6 13.Na3 Bd7 14.Bf4 Qc7 15.h3 Nh5
16.Bg5 h6 17.Bd2 Nc8 18.Re1 Na7 19.Rb1 b5 20.axb5 axb5 21.Na2 Nc8 22.Nc1 Nb6
23.e4 b4 24.Nc2 Nc4 25.Nd3 Ra2 26.Bc1 Qa7 27.Ne3 Ne5 28.Nxe5 Bxe5 29.Nc4 Ba4
30.Qd2 Bc3 31.Qxh6 Bxe1 32.Nxd6 Bc2 33.Nxe8 Bxb1 34.g4 Qe7 35.gxh5 Qxe8 36.Bg5
Qf8 37.Qxf8+ Kxf8 38.d6 b3 39.hxg6 fxg6 40.e5 Bf5 41.Bd5 Rxb2 42.e6 Bxe6
43.Bxe6 Ba5 44.Kg2 Rb1 45.d7 b2 {#R} 0-1

[Event "Universiade"]
[Site "masterchessopen.com - Shenzhen (China)"]
[Date "2011.08.21"]
[Round "9"]
[White "Wyss Jonas (SUI)"]
[Black "Olszewski Michal (POL)"]
[Result "0-1"]
[WhiteElo "2284"]
[BlackElo "2534"]

1.d4 Nf6 2.c4 e6 3.g3 c5 4.d5 exd5 5.cxd5 d6 6.Nc3 g6 7.Bg2 Bg7 8.Nf3 O-O
9.O-O Re8 10.Nd2 a6 11.a4 Nbd7 12.h3 Nh5 13.Nde4 Ndf6 14.Nxf6+ Nxf6 15.e4 Nd7
16.f4 f5 17.exf5 gxf5 18.Qd3 Nf6 19.Bd2 Bd7 20.Rfe1 b5 21.axb5 axb5 22.Rxa8
Rxe1+ 23.Bxe1 Qxa8 24.Kh2 b4 25.Nd1 Qa1 26.Bf3 Ne4 27.Qe2 Kf8 28.Kg2 Qc1
29.Qa6 Qc2+ 30.Qe2 b3 31.Kf1 Bd4 32.g4 Qxe2+ 33.Kxe2 Bb5# 0-1

[Event "It \"]
[Site "masterchessopen.com - Wiesbaden (Germany)"]
[Date "2011.08.25"]
[Round "1"]
[White "Tischendorf Michael Dr (GER)"]
[Black "Traut Stefan (GER)"]
[Result "1-0"]
[WhiteElo "2186"]
[BlackElo "1776"]

1.d4 Nf6 2.c4 c5 3.d5 e6 4.g3 exd5 5.cxd5 d6 6.Nc3 g6 7.Bg2 Bg7 8.Nf3 O-O
9.O-O Re8 10.Nd2 a6 11.a4 Nbd7 12.h3 Rb8 13.Nc4 Nb6 14.Na3 Qc7 15.Bf4 Bd7
16.e4 Nc8 17.Qd3 Nh5 18.Be3 Na7 19.Nc4 b5 20.axb5 axb5 21.Nxd6 Qxd6 22.Rxa7
Ra8 23.Rfa1 Rxa7 24.Rxa7 c4 25.Qd2 Rc8 26.Bd4 b4 27.Ne2 Bxd4 28.Qxd4 Bb5 29.e5
Qd8 30.d6 Ng7 31.Qd5 Bd7 32.Qb7 {#r} 1-0

[Event "It (open)"]
[Site "masterchessopen.com - Graz (Austria)"]
[Round "5"]
[White "Kravanja Georg (AUT)"]
[Black "Matosec Thomas (AUT)"]
[Result "1-0"]
[WhiteElo "2104"]
[BlackElo "2070"]

1.d4 g6 2.c4 Bg7 3.Nf3 d6 4.g3 c5 5.d5 Nf6 6.Nc3 O-O 7.Bg2 e6 8.O-O exd5
9.cxd5 Re8 10.Nd2 Nbd7 11.a4 a6 12.Nc4 Ne5 13.Na3 Rb8 14.h3 Nh5 15.e4 Bd7
16.f4 Nxg3 17.fxe5 Bxe5 18.Nc4 Bd4+ 19.Rf2 Bxf2+ 20.Kxf2 Qh4 21.Kg1 Bxh3
22.Bxh3 Qxh3 23.Qf3 Qh4 24.Bf4 Nh5 25.Bxd6 f5 26.Bxb8 fxe4 27.Qf2 Qg5+ 28.Qg2
Qxg2+ 29.Kxg2 Rxb8 30.Rf1 b5 31.axb5 axb5 32.Na5 g5 33.Nc6 Rb6 34.Nxe4 Ra6
35.d6 Ra2 36.d7 Rxb2+ 37.Kg1 {#r} 1-0

[Event "Ch Europe (juniors) (under 16)"]
[Site "masterchessopen.com - Albena (Bulgaria)"]
[Date "2011.09.13"]
[Round "3"]
[White "Nadirashvili Shalva (GEO)"]
[Black "Rindlisbacher Lars (SUI)"]
[Result "1-0"]
[WhiteElo "1985"]
[BlackElo "2245"]

1.d4 Nf6 2.c4 e6 3.g3 c5 4.d5 exd5 5.cxd5 d6 6.Bg2 g6 7.Nf3 Bg7 8.O-O O-O
9.Nc3 Re8 10.Nd2 a6 11.a4 Nbd7 12.e4 Ne5 13.Qc2 Nh5 14.h3 f5 15.f4 Nxg3
16.fxe5 Nxf1 17.Nxf1 Bxe5 18.Qb3 f4 19.Nh2 Qf6 20.Bd2 g5 21.Nf3 Kh8 22.Qb6
Bd4+ 23.Kf1 h5 24.e5 Bxe5 25.Ne4 Qd8 26.Qxd8 Rxd8 27.Nxe5 dxe5 28.Nxg5 Kg7
29.Bc3 Kg6 30.h4 Bg4 31.Re1 b5 32.Rxe5 f3 33.Bxf3 Rf8 34.Kg2 Bxf3+ 35.Nxf3
Rae8 36.Rg5+ Kh6 37.Bg7+ Kh7 38.Bxf8 {#r} 1-0

[Event "US Chess League"]
[Site "masterchessopen.com - Internet"]
[Date "2011.09.21"]
[Round "4"]
[White "Amanov Mesgen (TKM)"]
[Black "Amanov Zhanibek (KAZ)"]
[Result "1-0"]
[WhiteElo "2517"]
[BlackElo "2382"]

1.d4 Nf6 2.c4 c5 3.d5 e6 4.Nc3 exd5 5.cxd5 d6 6.g3 g6 7.Bg2 Bg7 8.Nf3 O-O
9.O-O a6 10.a4 Nbd7 11.Nd2 Re8 12.h3 Rb8 13.Nc4 Ne5 14.Na3 Nh5 15.e4 f5
16.exf5 Bxf5 17.g4 Bxg4 18.hxg4 Qh4 19.gxh5 Rf8 20.h6 Bh8 21.Ne4 Ng4 22.Qxg4
Qxg4 23.Nc4 b5 24.axb5 axb5 25.Ncxd6 Be5 26.f4 Bd4+ 27.Kh2 Rb6 28.Ra7 c4
29.Rc7 Rd8 30.Bh3 Qh5 31.Be3 Qe2+ 32.Rf2 Qxe3 33.Be6+ Kh8 34.Nf7+ Kg8 35.Nfd6+
Kh8 36.Nf7+ Kg8 37.Nxd8+ Kf8 38.Rf7+ Ke8 39.d6 Qxf2+ 40.Nxf2 Rxd6 41.Ne4 Rxd8
42.Rb7 Bxb2 43.Bf7+ {#r} 1-0

[Event "It (open)"]
[Site "masterchessopen.com - Tatranske Zruby (Slovakia)"]
[Date "2011.09.27"]
[Round "3"]
[White "Michenka Jozef (CZE)"]
[Black "Jedlicka Ales (CZE)"]
[Result "1-0"]
[WhiteElo "2346"]
[BlackElo "2262"]

1.d4 Nf6 2.c4 e6 3.g3 c5 4.d5 exd5 5.cxd5 g6 6.Bg2 d6 7.Nc3 Bg7 8.Nf3 O-O
9.O-O a6 10.a4 Nbd7 11.Nd2 Re8 12.Re1 Nh5 13.Nc4 Ne5 14.Nxe5 Bxe5 15.e4 Bd7
16.f4 Bg7 17.g4 Bd4+ 18.Kh1 Nf6 19.f5 h5 20.gxh5 gxf5 21.Be3 Bxe3 22.Rxe3 Ng4
23.Rg3 Qh4 24.Qg1 f4 25.Rxg4+ Qxg4 26.Bh3 Qxg1+ 27.Rxg1+ Kh7 28.Bxd7 Rg8
29.Rf1 Rad8 30.Bh3 Kh6 31.Rxf4 Kxh5 32.Rxf7 Rdf8 33.Rxf8 Rxf8 34.Kg2 Rb8
35.Bd7 Rd8 36.Be6 Rb8 37.Bd7 Rd8 38.Be6 Rb8 39.e5 dxe5 40.Ne4 b5 41.a5 c4
42.d6 Kg6 43.Kf3 {#r} 1-0

[Event "It (open) \"]
[Site "masterchessopen.com - Berlin (Germany)"]
[Date "2011.10.12"]
[Round "5"]
[White "Zschaebitz Klaus (GER)"]
[Black "Postler Reinhard (GER)"]
[Result "1-0"]
[WhiteElo "2093"]
[BlackElo "2367"]

1.d4 Nf6 2.c4 c5 3.d5 e6 4.Nc3 exd5 5.cxd5 d6 6.g3 g6 7.Bg2 Bg7 8.Nf3 O-O
9.O-O a6 10.a4 Re8 11.Nd2 Nbd7 12.h3 Nh5 13.e4 Ne5 14.Kh2 Nd3 15.Nc4 Nxc1
16.Rxc1 Bxc3 17.bxc3 b5 18.Ne3 Bd7 19.Re1 bxa4 20.f4 Rb8 21.Nc4 Bb5 22.Na3 Qf6
23.Re3 Bd7 24.Nc4 Rb3 25.Na5 Rb2 26.Rc2 Rxc2 27.Qxc2 g5 28.f5 Rb8 29.Qe2 Qh6
30.Qxa6 Nf6 31.Re1 g4 32.h4 Rb2 33.Nc4 Rb3 34.Qxd6 Bb5 35.e5 Qf8 36.exf6 Bxc4
37.Qf4 Bb5 38.c4 Bd7 39.Re7 {#r} 1-0

[Event "It \"]
[Site "masterchessopen.com - Bastia (France)"]
[Date "2011.10.24"]
[Round "3"]
[White "Sasikiran Krishnan (IND)"]
[Black "Battaglini Gabriel (FRA)"]
[Result "1-0"]
[WhiteElo "2689"]
[BlackElo "2452"]

1.d4 Nf6 2.c4 e6 3.g3 c5 4.d5 exd5 5.cxd5 d6 6.Nc3 g6 7.Bg2 Bg7 8.Nf3 O-O
9.O-O a6 10.a4 Re8 11.Nd2 Nbd7 12.h3 Rb8 13.Nc4 Ne5 14.Na3 Nh5 15.e4 Bd7 16.a5
b5 17.axb6 Bb5 18.Naxb5 axb5 19.Nxb5 Qxb6 20.Na3 Qb3 21.g4 Nf6 22.Rb1 Qxd1
23.Rxd1 Rb3 24.Kf1 Nfd7 25.f4 Nf3 26.Nc4 Bd4 27.Nxd6 Reb8 28.e5 Nh2+ 29.Ke2
Rg3 30.Be4 Rxh3 31.Rh1 Rb6 32.Bd2 Nf6 33.Bg2 Rg3 34.Rxh2 Nxg4 35.Ne4 Rbb3
36.Nxg3 Rxg3 37.d6 Kf8 38.d7 Ke7 39.Bc6 Re3+ {#r} 1-0

[Event "It \"]
[Site "masterchessopen.com - Bastia (France)"]
[Date "2011.10.28"]
[Round "1"]
[White "Sasikiran Krishnan (IND)"]
[Black "Arnold Marc T (USA)"]
[Result "1-0"]
[WhiteElo "2689"]
[BlackElo "2505"]

1.d4 Nf6 2.c4 e6 3.g3 c5 4.d5 exd5 5.cxd5 d6 6.Nc3 g6 7.Bg2 a6 8.a4 Bg7 9.Nf3
O-O 10.O-O Re8 11.Nd2 Nbd7 12.h3 Rb8 13.Nc4 Ne5 14.Na3 Nh5 15.e4 Bd7 16.a5 b5
17.axb6 Bb5 18.Naxb5 axb5 19.Nxb5 Qxb6 20.Na3 Qb3 21.Qxb3 Rxb3 22.Rd1 Reb8
23.Kf1 f5 24.exf5 gxf5 25.Ra2 Rf8 26.Kg1 Ra8 27.Bf1 c4 28.Kg2 Nd3 29.Nxc4 Rxa2
30.Rxd3 Rb4 31.Nxd6 Bxb2 32.Rd2 f4 33.Be2 Nf6 34.gxf4 Nxd5 35.Bc4 Bxc1
36.Bxd5+ {#r} 1-0